| 000 | 00766nam a22002057a 4500 | ||
|---|---|---|---|
| 003 | OSt | ||
| 005 | 20251223152636.0 | ||
| 008 | 251223b |||||||| |||| 00| 0 eng d | ||
| 040 | _cDCL | ||
| 041 | _aEnglish | ||
| 082 | _a959.102 | ||
| 100 | 1 | _aMarshall, Harry Ignatius, 1878- | |
| 245 | 1 | 2 |
_aThe Karen people of Burma : _ctranslated by Pe Maung Tin and G.H. Luce. _bby Harry Ignatious Marshall; with a foreword by Anders Baltzer Jorgensen. |
| 260 |
_aBangkok : _bWhite Lotus Press, _c1997. |
||
| 300 |
_axix, 329 pages : _billustrations ; _c21 cm. |
||
| 650 |
_a Karen (Southeast Asian People) _xSocial life and customs |
||
| 650 |
_aKaren (Southeast Asian People) _xReligion |
||
| 700 | _aJorgensen, Anders Baltzer | ||
| 942 |
_2ddc _cSHORT TERM _n0 |
||
| 999 |
_c2797 _d2797 |
||